LIBRARY ONLINE CATALOGUE

Confident pastoral leadership / (Record no. 9068)

MARC details
000 -LEADER
fixed length control field 00665nam a22002292 4500
001 - CONTROL NUMBER
control field 0000019758
005 - DATE AND TIME OF LATEST TRANSACTION
control field 20151217152201.0
008 - FIXED-LENGTH DATA ELEMENTS--GENERAL INFORMATION
fixed length control field 110204s xx 000 0 eng d
020 ## - INTERNATIONAL STANDARD BOOK NUMBER
Terms of availability $
040 ## - CATALOGING SOURCE
Original cataloging agency KABU
Transcribing agency KABU
100 1# - MAIN ENTRY--PERSONAL NAME
Personal name Sugden, Howard F.
-- 0000179705
245 10 - TITLE STATEMENT
Title Confident pastoral leadership /
Statement of responsibility, etc. Howard F. Sugden and Warren W. Wiersbe.
250 ## - EDITION STATEMENT
Edition statement 2nd ed.
260 ## - PUBLICATION, DISTRIBUTION, ETC. (IMPRINT)
Place of publication, distribution, etc. Grand Rapids, Michigan :
Name of publisher, distributor, etc. Baker,
Date of publication, distribution, etc. 1993.
300 ## - PHYSICAL DESCRIPTION
Extent 188 p. ;
Dimensions cm.
500 ## - GENERAL NOTE
General note Personal book (Pr. Kiutta)
650 #0 - SUBJECT ADDED ENTRY--TOPICAL TERM
Topical term or geographic name as entry element Pastoral theology.
-- 0000149539
700 1# - ADDED ENTRY--PERSONAL NAME
Personal name Wiersbe, Warren W.
-- 0000149036
908 ## - PUT COMMAND PARAMETER (RLIN)
Put command parameter 110204
950 ## - LOCAL HOLDINGS (RLIN)
-- 1
Holdings
Withdrawn status Lost status Source of classification or shelving scheme Not for loan Home library Current library Date acquired Total Checkouts Barcode Date last seen Price effective from Koha item type
    Library of Congress Classification   Kabarak, Main Campus Kabarak, Main Campus 17/12/2015   THEOL1 17/12/2015 17/12/2015 General Collection